000 00200nam a2200085Ia 4500
008 120527s9999 xx 000 0 und d
100 _aPATTEN, M.L
245 _aProposing Empirical research
942 _cBK
999 _c25500
_d25500